| 000 | 00370nam a2200145Ia 4500 | ||
|---|---|---|---|
| 008 | 230312s9999||||xx |||||||||||||| ||und|| | ||
| 020 | _a0-07-219415-4 | ||
| 082 |
_a004.678 _bLEV-C |
||
| 100 | _aBanach;Daniel | ||
| 245 | 0 | _aAutoDesk Inventor 10 Essentials Plus | |
| 260 |
_bMcgraw Hill _aNew York _c2002 |
||
| 300 | _a857 | ||
| 650 |
_aComputer _vComputer |
||
| 942 | _cBK | ||
| 999 |
_c15604 _d15604 |
||